| 000 | 00364nam a2200145Ia 4500 | ||
|---|---|---|---|
| 008 | 240624s9999 xx 000 0 und d | ||
| 041 | _aeng | ||
| 082 | _a658.4034 TAH | ||
| 100 | _aTAHA HAMDY A | ||
| 245 | _aOPERATIONS RESEARCH AN INTRODUCTION | ||
| 250 | _a(10th ed.) | ||
| 260 |
_c2017 _aNew Delhi _bPearson |
||
| 300 | _a843 p.; 23 cm. | ||
| 365 |
_cBPS _b27.5 |
||
| 999 |
_c29815 _d29815 |
||